Nuclear medicine instrumentation / (Record no. 13335)
[ view plain ]
| 000 -LEADER | |
|---|---|
| fixed length control field | 00804 am a22002414a 4500 |
| 003 - CONTROL NUMBER IDENTIFIER | |
| control field | OSt |
| 005 - DATE AND TIME OF LATEST TRANSACTION | |
| control field | 20140310182429.0 |
| 008 - FIXED-LENGTH DATA ELEMENTS--GENERAL INFORMATION | |
| fixed length control field | 090515s2011 maua b 001 0 eng |
| 010 ## - LIBRARY OF CONGRESS CONTROL NUMBER | |
| LC control number | 2009020230 |
| 020 ## - INTERNATIONAL STANDARD BOOK NUMBER | |
| International Standard Book Number | 9780763766382 (pbk.) |
| 050 ## - LIBRARY OF CONGRESS CALL NUMBER | |
| Classification number | R 920 |
| Item number | .P74 2011 |
| 100 1# - MAIN ENTRY--PERSONAL NAME | |
| Personal name | Prekeges, Jennifer. |
| 9 (RLIN) | 7669 |
| 245 10 - TITLE STATEMENT | |
| Title | Nuclear medicine instrumentation / |
| Statement of responsibility, etc | Jennifer Prekeges |
| 260 ## - PUBLICATION, DISTRIBUTION, ETC. (IMPRINT) | |
| Place of publication, distribution, etc | Sudbury, Mass. : |
| Name of publisher, distributor, etc | Jones and Bartlett Publishers, |
| Date of publication, distribution, etc | c2011. |
| 300 ## - PHYSICAL DESCRIPTION | |
| Extent | xxii, 313 p. : |
| Other physical details | ill. ; |
| Dimensions | 28 cm. |
| 650 12 - SUBJECT ADDED ENTRY--TOPICAL TERM | |
| Topical term or geographic name as entry element | Nuclear Medicine |
| General subdivision | instrumentation |
| 9 (RLIN) | 7670 |
| 650 22 - SUBJECT ADDED ENTRY--TOPICAL TERM | |
| Topical term or geographic name as entry element | Tomography, Emission-Computed, Single-Photon |
| General subdivision | methods |
| 9 (RLIN) | 7671 |
| 650 22 - SUBJECT ADDED ENTRY--TOPICAL TERM | |
| Topical term or geographic name as entry element | Positron-Emission Tomography |
| General subdivision | methods |
| 9 (RLIN) | 7672 |
| 650 22 - SUBJECT ADDED ENTRY--TOPICAL TERM | |
| Topical term or geographic name as entry element | Radioisotopes |
| General subdivision | diagnostic use |
| 9 (RLIN) | 7673 |
| 942 ## - ADDED ENTRY ELEMENTS (KOHA) | |
| Source of classification or shelving scheme | Library of Congress Classification |
| Koha item type | |
| Withdrawn status | Lost status | Source of classification or shelving scheme | Damaged status | Home library | Current library | Shelving location | Date acquired | Total Checkouts | Full call number | Barcode | Date last seen | Copy number | Price effective from | Koha item type | Total Renewals | Date checked out |
|---|---|---|---|---|---|---|---|---|---|---|---|---|---|---|---|---|
| Library of Congress Classification | South SEED-LPDH College Library | South SEED-LPDH College Library | South SEED-LPDH College Section | 06/22/2012 | R 920 .P74 2010 | SSLC1080 | 05/15/2018 | 1 | 11/06/2013 | Books | ||||||
| Library of Congress Classification | South SEED-LPDH College Library | South SEED-LPDH College Library | South SEED-LPDH College Section | 08/06/2013 | 1 | R 920 .P74 2011 | SSLC0157 | 05/15/2018 | 2 | 08/06/2013 | Books | 17 | 01/26/2016 |